Armstrong Handbook of Human Resource Management Practice (Record no. 3750)

MARC details
000 -LEADER
fixed length control field 00426nam a22001577a 4500
008 - FIXED-LENGTH DATA ELEMENTS--GENERAL INFORMATION
fixed length control field 250604b |||||||| |||| 00| 0 eng d
020 ## - INTERNATIONAL STANDARD BOOK NUMBER
ISBN 9780749465506
100 ## - MAIN ENTRY--AUTHOR
Author Armstrong Micheal
245 ## - TITLE STATEMENT
Title Armstrong Handbook of Human Resource Management Practice
250 ## - EDITION STATEMENT
Edition statement 12th
260 ## - PUBLICATION, DISTRIBUTION, ETC. (IMPRINT)
Place of publication United Kingdom
Name of publisher Kogan Page
Date of publication 2012
300 ## - COLLATION
Pagination 752p
650 ## - TRACINGS
Main Subject Personnel management
942 ## - ADDED ENTRY ELEMENTS (KOHA)
Item type Books
050 ## - LIBRARY OF CONGRESS CALL NUMBER
Classification number HF 5549.17
Item number .A76
Holdings
Source of classification or shelving scheme Not for loan Permanent location Current location Date acquired Accession No. Full call number Barcode. Koha item type
Library of Congress Classification   Samuel Ogbemudia Main Library, University of Abuja Samuel Ogbemudia Main Library, University of Abuja 06/04/2025 2025/64936-37 HF 5549.17.A76 2025-2322 Books